000 00742nam a2200181Ia 4500
008 151202s9999||||xx |||||||||||||| ||und||
082 _bPNVM-86256
100 _aखांडेकर वि. स. / संपा. लवटे सुनीलकुमार.
245 _aरानफुले.
260 _b"मेहता पब्लिशिंग हाऊस,पुणे."
260 _c2014
300 _a88
600 _aखांडेकर वि. स. / संपा. लवटे सुनीलकुमार.
630 _aरानफुले.
700 _aखांडेकर वि. स. / संपा. लवटे सुनीलकुमार.
730 _aरानफुले.
942 _cBOOK
999 _c1350302
_d1350299